| 000 | 00609nam a2200217 a 4500 | ||
|---|---|---|---|
| 005 | 20140310183315.0 | ||
| 008 | 051021s19uu xx 00 eng d | ||
| 050 |
_aHQ 57.6.P6 _b.Un55 1996 |
||
| 245 |
_aUnderstanding reproductive health : _ba guide for media. / |
||
| 260 |
_aMetro Manila : _bCenter for Media Freedom & Responsibilty (CMFR), _c1996. |
||
| 300 |
_a28 p. : _bill. ; _c23 cm. |
||
| 521 | _aMC | ||
| 650 |
_aReproductive health _xPhilippines. |
||
| 942 |
_cBK _2lcc _kLOC |
||
| 999 |
_c21260 _d21260 |
||